000 00528nam a2200193Ia 4500
005 20250326142220.0
008 250326s9999 xx 000 0 und d
020 _a1-57851-233-6
037 _aTextbook
040 _aFMSL
_beng
_cFMSL
041 _aeng
_2eng
084 _aX8(A):8ObG:55 P0
_qFMSL
100 _aHBR
245 0 _aBusiness and the environment
_cHBR
260 _aUnited Kingdom
_bUnited Kingdom, HBR
_c2000
300 _a251p
942 _cTB
_hX8(A):8ObG:55 P0
999 _c1293970
_d1293970